000 00387nam a2200157Ia 4500
008 210716s2008 xx 000 0 und d
020 _a8180520862
041 _aeng
082 _a658.12 BHAR
100 _aBhatia, R C.
245 _aBusiness organisation and management.
250 _a1
260 _aNew Delhi
_bAne Books India
_c2008
300 _axxiv,423
650 _aMANAGEMENT
999 _c199321
_d199321